| 000 | 00566nam a22001937a 4500 | ||
|---|---|---|---|
| 005 | 20251108164951.0 | ||
| 008 | 250721s1982 xx 000 0 ara d | ||
| 082 | 1 | 4 | _a810.90962/غال |
| 100 | 1 | _aشكري، غالي | |
| 245 | 1 | 0 |
_aثورة المعتزل : _bدراسة في أدب توفيق الحكيم / |
| 250 | _aط3. | ||
| 264 | 1 |
_aبيروت : _bدار الآفاق الجديدة، _c1982. |
|
| 300 | _a335ص | ||
| 650 | 1 | 7 | _aالأدب العربي |
| 650 | 1 | 7 | _aالنقد الأدبي |
| 650 | 1 | 7 | _aمصر |
| 942 |
_2ddc _cBK |
||
| 999 |
_c18637 _d18637 |
||